000 00802cam a22002411 4500
001 8369164
003 OSt
005 20240305131629.0
008 751023s1950 mau 001 0 eng c
010 _aa 51009067
035 _a(OCoLC)1728890
040 _aWisconsin. Univ. Libr.
_cNSyU
_dDLC
050 0 0 _aDT365
_b.B785
100 1 _aBrady, Cyrus Townsend,
_d1887-
245 1 0 _aCommerce and conquest in East Africa,
_bwith particular reference to the Salem trade with Zanzibar.
260 _aSalem,
_bEssex Institute,
_c1950.
300 _axxi, 245 p.
_billus., ports., col. map (on lining papers)
_c22 cm.
504 _aBibliography: p. 224-234.
651 0 _aAfrica, East
_xHistory.
651 0 _aAfrica, East
_xCommerce.
906 _a7
_bcbc
_coclcrpl
_du
_encip
_f19
_gy-gencatlg
942 _2ddc
_cBK
999 _c4036
_d4036